Yves Klein: 3 mars-23 mai 1983

Furkejuvvon:
Bibliográfalaš dieđut
Váldodahkki: Mock, Jean-Yves (autor)
Searvvušdahkki: Musée National d'Art Moderne París (Dahkki)
Materiálatiipa: Girji
Giella:fránskkagiella
Almmustuhtton: París Centre Georges Pompidou. Musée National d'Art Moderne 1983
Fáttát:
Fáddágilkorat: Lasit fáddágilkoriid
Eai fáddágilkorat, Lasit vuosttaš fáddágilkora!

MARC

LEADER 00000nam a2200000 a 4500
001 UCV9917
003 CL-VaPUC
008 930726e19830000FR |||||||||||||||||fre|d
082 0 4 |a 759.06  |b MOC  |2 21 
100 |a Mock, Jean-Yves  |e autor  |9 303904 
110 2 |a Musée National d'Art Moderne París  |e author  |9 303905 
245 1 0 |a Yves Klein: 3 mars-23 mai 1983 
300 |a 424 p 
942 |c BK 
945 |d 19930726 00:00:00 
260 |a París  |b Centre Georges Pompidou. Musée National d'Art Moderne  |c 1983 
500 |a Exposición realizada en Centre Georges Pompidou. Museé National d'Art Moderne 
600 0 7 |a KLEIN, YVES  |2 CL-VaPUC  |9 268881 
650 0 |a Arte moderno  |9 265333 
650 0 |a Exposiciones  |9 265884 
650 0 |a Arte   |y Siglo 20  |9 267709 
651 0 |a Francia  |9 255157 
583 |a last modification  |c 20160901 11:13:09  |k Rodrigo Vera 
999 |c 215188  |d 215186 
952 |0 0  |1 0  |4 0  |6 759_060000000000000_MOC_1983  |7 0  |8 A  |9 199217  |a BIBARQ  |b BIBARQ  |d 2019-11-14  |i 2665344  |o 759.06 MOC 1983  |p 2665344  |r 2025-01-20  |w 2019-11-14  |y BK  |k ARQ